LIBRARY & INFORMATION CENTRE, KCAET, TAVANUR

ONLINE PUBLIC ACCESS CATALOGUE (OPAC)

Vaidehi Vannavasi / (Record no. 11698)

MARC details
000 -LEADER
fixed length control field 00402cam a2200157ua 4500
041 ## - LANGUAGE CODE
Language code of text/sound track or separate title hin
082 ## - DEWEY DECIMAL CLASSIFICATION NUMBER
Classification number 891.54
Item number RAK/BA
100 ## - MAIN ENTRY--AUTHOR NAME
Personal name Pattithayam, Rakh .
245 ## - TITLE STATEMENT
Title Vaidehi Vannavasi /
260 ## - PUBLICATION, DISTRIBUTION, ETC. (IMPRINT)
Place of publication Lucknow :
Name of publisher Hindi Sahithya Bhandar ,
Year of publication 1958.
300 ## - PHYSICAL DESCRIPTION
Number of Pages 120 ; .
700 1# - ADDED ENTRY--PERSONAL NAME
Personal name Ayodya , Singh .
942 ## - ADDED ENTRY ELEMENTS (KOHA)
Koha item type Books
Holdings
Withdrawn status Lost status Damaged status Home library Current library Date acquired Full call number Accession Number Koha item type
Withdrawn     KAUAET Sanskrit University 07/04/2012 891.54 2782 Books
free website counter